000 00351nam a2200145Ia 4500
005 20251222153543.0
008 251222s9999||||xx |||||||||||||| ||spa||
020 _a8484420388
082 _a347.4607/M84
100 _aMontero Aroca, Juan
245 0 _aDerecho Jurisdiccional II:
250 _a9a. ed.
264 _bTirant lo Blanch
942 _cLIB
999 _c30535
_d30535